Art and the occult

Αποθηκεύτηκε σε:
Λεπτομέρειες βιβλιογραφικής εγγραφής
Κύριος συγγραφέας: Waldo-Schwartz, Paul
Μορφή: Βιβλίο
Γλώσσα:English
Δημοσίευση: London : A mandala book, 1977
Θέματα:
Ετικέτες: Προσθήκη ετικέτας
Δεν υπάρχουν, Καταχωρήστε ετικέτα πρώτοι!

MARC

LEADER 00000nam a2200000 i 4500
001 1/41397
008 961024s1975 eng d
020 |a 0-04-701009-6 
035 |l 10025404 
040 |a GR-MY-UA  |b gre  |e aacr 
041 0 |a eng 
082 0 |a 700.108 
100 1 |a Waldo-Schwartz, Paul. 
245 1 0 |a Art and the occult /  |c Paul Waldo Schwartz 
260 |a London :   |b A mandala book,   |c 1977 
300 |a 168 p. 
650 0 0 |a Magic in art. 
650 0 0 |a Art  |x Psychology. 
852 |a INST  |b CHIOS  |e 19961024  |h 700.108 WAL  |p 005200011180  |q 005200011180  |t BK  |y 0 
909 |a Χ  |b 047661